[Event "FRA-chT3 Gr8 0203"]
[Site "France"]
[Date "2002.12.08"]
[Round "4"]
[White "Depoorter, Enguerran"]
[Black "Dupuis, Dominique"]
[Result "1-0"]
[WhiteElo "2143"]
[BlackElo "1830"]
[PlyCount "59"]
[EventDate "2002.10.??"]
[EventType "team-tourn"]
[EventRounds "9"]
[EventCountry "FRA"]
[SourceTitle "EXT 2005"]
[Source "ChessBase"]
[SourceDate "2004.11.15"]
[SourceVersion "1"]
[SourceVersionDate "2004.11.15"]
[SourceQuality "1"]

1. d4 Nf6 2. c4 g6 3. Nc3 Bg7 4. e4 d6 5. f3 0-0 6. Be3 e5 7. d5 Nbd7 8. Qd2 Nh5 9. Nge2 Nb6 10. Nc1 f5 11. Bd3 Nf4 12. Nb3 Nxd3+ 13. Qxd3 f4 14. Bf2 Qg5 15. Qf1 c6 16. 0-0-0 cxd5 17. Bxb6 d4 18. Nxd4 Bd7 19. Ndb5 Bxb5 20. Nxb5 axb6 21. Kb1 Rfd8 22. Nc7 Qe7 23. Nxa8 Rxa8 24. Qd3 Bf8 25. Qb3 Qf7 26. Rd5 Qc7 27. Rb5 Rc8 28. Rxb6 Qxc4 29. Rc1 Qxb3 30. Rxb3 1-0

[Event "FRA-chT3 Gr8 0203"]
[Site "France"]
[Date "2002.10.13"]
[Round "1"]
[White "Dupuis, Dominique"]
[Black "Queva, Claude"]
[Result "1/2-1/2"]
[WhiteElo "1790"]
[BlackElo "1990"]
[PlyCount "69"]
[EventDate "2002.10.??"]
[EventType "team-tourn"]
[EventRounds "9"]
[EventCountry "FRA"]
[SourceTitle "EXT 2005"]
[Source "ChessBase"]
[SourceDate "2004.11.15"]
[SourceVersion "1"]
[SourceVersionDate "2004.11.15"]
[SourceQuality "1"]

1. e4 d6 2. d4 Nf6 3. Nc3 g6 4. Be3 Bg7 5. f3 c6 6. Qd2 0-0 7. Nge2 Nbd7 8. g4 Qc7 9. Ng3 e5 10. h4 exd4 11. Bxd4 d5 12. Rg1 Ne5 13. Be2 dxe4 14. Ngxe4 Nxe4 15. Nxe4 Rd8 16. 0-0-0 Nd3+ 17. Bxd3 Bxd4 18. Rge1 Be6 19. c3 Be5 20. Kb1 Rd7 21. Qh6 Bg7 22. Qe3 Qa5 23. a3 b6 24. Ng5 Bh6 25. Qe4 Bd5 26. Qe2 Bb3 27. Bc2 Rxd1+ 28. Rxd1 Bxc2+ 29. Qxc2 Bxg5 30. hxg5 Qxg5 31. Rd7 Qf4 32. Qd1 Kg7 33. Rd4 Qe5 34. Rd7 Qf6 35. Rd6 1/2-1/2

[Event "Bethune-C"]
[Site "Bethune"]
[Date "2002.07.11"]
[Round "7.14"]
[White "Dupuis, Dominique"]
[Black "Liefooghe, Thierry"]
[Result "1-0"]
[WhiteElo "1780"]
[BlackElo "1800"]
[PlyCount "64"]
[EventDate "2002.07.06"]
[EventType "tourn"]
[EventRounds "9"]
[EventCountry "FRA"]
[SourceTitle "EXT 2005"]
[Source "ChessBase"]
[SourceDate "2004.11.15"]
[SourceVersion "1"]
[SourceVersionDate "2004.11.15"]
[SourceQuality "1"]

1. d4 Nf6 2. c4 g6 3. Nc3 c5 4. d5 e6 5. dxe6 fxe6 6. e4 Bg7 7. Bg5 Qa5 8. Bd3 Nc6 9. Nf3 h6 10. Bd2 Qc7 11. 0-0 Ne7 12. e5 Ng4 13. Nb5 Qc6 14. Nd6+ Kf8 15. Be4 Qc7 16. Bc3 h5 17. h3 Nh6 18. Nh4 Nhf5 19. Qf3 Kg8 20. Nhxf5 Nxf5 21. Bxf5 gxf5 22. Qg3 Qd8 23. Bd2 b6 24. Rad1 Ba6 25. Bf4 Rh7 26. Qa3 Bc8 27. Qg3 Qf8 28. Rd3 Ba6 29. Rfd1 Kh8 30. Qg6 Qe7 31. Nf7+ Kg8 32. Rxd7 Qf8 1-0

[Event "Bethune op 21st"]
[Site "Bethune"]
[Date "2000.??.??"]
[Round "3"]
[White "Dupuis, Dominique"]
[Black "Legrand, Patrick A"]
[Result "1-0"]
[WhiteElo "1770"]
[BlackElo "2020"]
[PlyCount "109"]
[EventDate "2000.12.26"]
[EventType "swiss"]
[EventRounds "7"]
[EventCountry "FRA"]
[SourceTitle "EXT 2003"]
[Source "ChessBase"]
[SourceDate "2002.11.25"]
[SourceVersion "1"]
[SourceVersionDate "2002.11.25"]
[SourceQuality "1"]

1. e4 Nf6 2. e5 Nd5 3. d4 d6 4. exd6 cxd6 5. c4 Nb6 6. Nc3 g6 7. Be3 Bg7 8. Bd3 Nc6 9. Nge2 Bg4 10. f3 Bd7 11. a3 0-0 12. Qd2 e5 13. d5 Na5 14. c5 Nb3 15. Qd1 Nxc5 16. 0-0 f5 17. Bc2 Be8 18. b4 Ncd7 19. Nb5 Nf6 20. Nbc3 Bf7 21. Bb3 Re8 22. Rc1 e4 23. Nd4 Nfxd5 24. Nxd5 Bxd5 25. Nxf5 gxf5 26. Bxd5+ Nxd5 27. Qxd5+ Kh8 28. Bd4 Rf8 29. fxe4 Bxd4+ 30. Qxd4+ Qf6 31. Qxf6+ Rxf6 32. Rxf5 Rxf5 33. exf5 b6 34. Rc7 a5 35. b5 Re8 36. Kf2 Re5 37. g4 Rxb5 38. f6 Rb2+ 39. Ke3 Kg8 40. Rg7+ Kh8 41. Rd7 h6 42. Rxd6 Rxh2 43. Rxb6 Rh3+ 44. Kf4 Rxa3 45. Kf5 Rg3 46. Ra6 Kh7 47. Ra7+ Kg8 48. Rxa5 Kf7 49. Ra7+ Kf8 50. Rh7 Rf3+ 51. Kg6 Kg8 52. Rxh6 Rf4 53. g5 Rf2 54. f7+ Kf8 55. Rh8+ 1-0

[Event "Bethune op 21st"]
[Site "Bethune"]
[Date "2000.??.??"]
[Round "4"]
[White "Wambergue, Maurice"]
[Black "Dupuis, Dominique"]
[Result "1/2-1/2"]
[WhiteElo "1880"]
[BlackElo "1770"]
[PlyCount "65"]
[EventDate "2000.12.26"]
[EventType "swiss"]
[EventRounds "7"]
[EventCountry "FRA"]
[SourceTitle "EXT 2003"]
[Source "ChessBase"]
[SourceDate "2002.11.25"]
[SourceVersion "1"]
[SourceVersionDate "2002.11.25"]
[SourceQuality "1"]

1. e4 c5 2. Nf3 e6 3. d4 cxd4 4. Nxd4 Nf6 5. Nc3 d6 6. Bg5 a6 7. f4 Be7 8. Qd2 0-0 9. 0-0-0 b5 10. Bxf6 Bxf6 11. Nf3 Bb7 12. Bd3 Qa5 13. e5 dxe5 14. fxe5 Be7 15. Kb1 Rc8 16. Ne4 Qxd2 17. Rxd2 Nd7 18. Rhd1 Rc7 19. Neg5 Bxg5 20. Nxg5 Nf8 21. Be4 Bxe4 22. Nxe4 h6 23. Rd8 Rxd8 24. Rxd8 Rd7 25. Rxd7 Nxd7 26. a4 Nxe5 27. axb5 axb5 28. Nd6 b4 29. h3 h5 30. Ka2 g5 31. Ne4 g4 32. Nf6+ Kf8 33. Nxh5 1/2-1/2